000
00318nam a2200145Ia 4500
100
_a
Mathews/John H
650
_a
Mathematics
942
_c
BK
245
_a
Numerical methods
260
_b
Prentice -Hall of India
_a
New Delhi
_c
2003
082
_a
519.5/MAT
_b
MAT
300
_a
646
546
_a
ENGLISH
999
_c
17915
_d
17915